[Event "4NCL Online Division 3"]
[Site "online"]
[Date "2021.09.07"]
[EventDate "2021.09.07"]
[Round "2.21"]
[White "Oswald, Graeme"]
[WhiteElo "2236"]
[WhiteTeam "Chessable White Rose 3"]
[Black "Gajdosz, Marek"]
[BlackElo "1931"]
[BlackTeam "Darnall & Handsworth"]
[Result "1-0"]
[PlyCount "51"]

1. e4 c5 2. Nf3 d6 3. d4 cxd4 4. Nxd4 Nf6 5. Nc3 a6 6. Bg5 e5 7. Bxf6 gxf6 8. Nf5 Bxf5 9. exf5 Nd7 10. Bc4 h5 11. Qd5 Rh7 12. Qxb7 Rb8 13. Qxa6 Rxb2 14. Bb3 Qb6 15. Qc8+ Qd8 16. Qxd8+ Kxd8 17. O-O-O Rxb3 18. cxb3 Nc5 19. b4 Nb7 20. a4 Kc8 21. a5 Nd8 22. b5 Rg7 23. g3 Rg4 24. Kc2 Nb7 25. a6 Nc5 26. Ra1 1-0

[Event "4NCL Online Division 3"]
[Site "online"]
[Date "2021.09.07"]
[EventDate "2021.09.07"]
[Round "2.22"]
[White "Brown, Geoffrey D"]
[WhiteElo "1746"]
[WhiteTeam "Darnall & Handsworth"]
[Black "Mooney, David Paul"]
[BlackElo "2214"]
[BlackTeam "Chessable White Rose 3"]
[Result "0-1"]
[PlyCount "22"]

1. e4 e5 2. f4 Bc5 3. Nf3 d6 4. Nc3 Nc6 5. Bc4 Bg4 6. d3 Nd4 7. Bxf7+ Kxf7 8. Nxe5+ dxe5 9. Qxg4 Nxc2+ 10. Kd1 Qxd3+ 11. Bd2 Ne3+ 0-1

[Event "4NCL Online Division 3"]
[Site "online"]
[Date "2021.09.07"]
[EventDate "2021.09.07"]
[Round "2.23"]
[White "Wills, Tom"]
[WhiteElo "2018"]
[WhiteTeam "Chessable White Rose 3"]
[Black "Brennan, Oliver"]
[BlackElo "1685"]
[BlackTeam "Darnall & Handsworth"]
[Result "0-1"]
[PlyCount "72"]

1. e4 e5 2. Nf3 Nc6 3. Bc4 Nf6 4. Ng5 d5 5. exd5 Na5 6. Bb5+ c6 7. dxc6 bxc6 8. Bd3 Bc5 9. O-O Ng4 10. Ne4 Bb6 11. h3 h5 12. Qe2 f5 13. Ng3 e4 14. Nxe4 fxe4 15. Qxe4+ Qe7 16. Qxe7+ Kxe7 17. hxg4 hxg4 18. g3 Rh3 19. Kg2 Be6 20. Be4 Rah8 21. d3 Bd5 22. Bxd5 Rh2+ 23. Kg1 cxd5 24. Bg5+ Kd6 25. Bh4 Rh3 26. Nc3 g5 27. Ne2 gxh4 28. d4 hxg3 29. fxg3 Nc4 30. c3 Nd2 31. Rfd1 Ne4 32. Kf1 Bd8 33. Rd3 Bg5 34. Ng1 Rf8+ 35. Ke2 Rf2+ 36. Ke1 Rh1 0-1

[Event "4NCL Online Division 3"]
[Site "online"]
[Date "2021.09.07"]
[EventDate "2021.09.07"]
[Round "2.24"]
[White "Holroyd-Doveton, Nathaniel"]
[WhiteElo "1626"]
[WhiteTeam "Darnall & Handsworth"]
[Black "Mason, Peter F"]
[BlackElo "1813"]
[BlackTeam "Chessable White Rose 3"]
[Result "0-1"]
[PlyCount "62"]

1. c4 f5 2. Nc3 Nf6 3. d3 g6 4. g3 Bg7 5. Bg2 O-O 6. e4 d6 7. Nge2 e5 8. O-O Nc6 9. Nd5 Ne7 10. Rb1 Nexd5 11. cxd5 Nh5 12. f4 c6 13. dxc6 Qb6+ 14. Kh1 bxc6 15. fxe5 dxe5 16. Nc3 f4 17. gxf4 Nxf4 18. Bxf4 Rxf4 19. Rxf4 exf4 20. Qf1 Ba6 21. Bf3 Rb8 22. Nd1 Qd4 23. Be2 Rf8 24. Qf2 f3 25. Qxd4 Bxd4 26. Bf1 g5 27. Rc1 Rf6 28. Nc3 g4 29. Rc2 Rh6 30. Nd1 g3 31. b3 Bxd3 0-1

[Event "4NCL Online Division 3"]
[Site "online"]
[Date "2021.09.07"]
[EventDate "2021.09.07"]
[Round "2.31"]
[White "Zhang, Zheming"]
[WhiteElo "1994"]
[WhiteTeam "Forest Hall Juniors"]
[Black "Kolbusz, George"]
[BlackElo "1831"]
[BlackTeam "Shropshire and Friends 3"]
[Result "1/2-1/2"]
[PlyCount "44"]

1. e4 e6 2. d4 c5 3. d5 exd5 4. exd5 d6 5. Nf3 Be7 6. Bb5+ Bd7 7. Bxd7+ Qxd7 8. O-O Nf6 9. c4 O-O 10. Nc3 Na6 11. Re1 Rfe8 12. b3 Nc7 13. Qd3 Bf8 14. Bb2 Rxe1+ 15. Rxe1 Re8 16. Rxe8 Qxe8 17. Kf1 a6 18. Ne2 Be7 19. Ng3 g6 20. Qe2 Qd8 21. Nd2 Nce8 22. Bc3 b6 1/2-1/2

[Event "4NCL Online Division 3"]
[Site "online"]
[Date "2021.09.07"]
[EventDate "2021.09.07"]
[Round "2.32"]
[White "Maydew, Simon"]
[WhiteElo "1824"]
[WhiteTeam "Shropshire and Friends 3"]
[Black "Wall, John (jnr)"]
[BlackElo "1756"]
[BlackTeam "Forest Hall Juniors"]
[Result "1-0"]
[PlyCount "43"]

1. d4 e6 2. Nf3 d5 3. e3 f5 4. c4 Nf6 5. Nc3 c6 6. Bd3 Bd6 7. O-O Nbd7 8. cxd5 cxd5 9. a3 a5 10. Nb5 Bb8 11. b3 O-O 12. a4 Ne4 13. Ba3 Rf6 14. Rc1 Rh6 15. h3 g5 16. Bxe4 fxe4 17. Nxg5 Qxg5 18. Rxc8+ Kg7 19. Kh1 Rg6 20. Rg1 Qf6 21. Qc2 e5 22. Nc7 1-0

[Event "4NCL Online Division 3"]
[Site "online"]
[Date "2021.09.07"]
[EventDate "2021.09.07"]
[Round "2.33"]
[White "French, Morgan"]
[WhiteElo "1658"]
[WhiteTeam "Forest Hall Juniors"]
[Black "Lovatt, Peter G"]
[BlackElo "1787"]
[BlackTeam "Shropshire and Friends 3"]
[Result "0-1"]
[PlyCount "68"]

1. d4 Nf6 2. c4 e6 3. Nc3 d5 4. cxd5 exd5 5. Bg5 c6 6. e3 h6 7. Bh4 Bf5 8. Bd3 Bxd3 9. Qxd3 Be7 10. Nge2 O-O 11. O-O Re8 12. f3 Nbd7 13. e4 dxe4 14. fxe4 Ne5 15. Qc2 Ng6 16. Bf2 Qd7 17. Ng3 Ng4 18. Rad1 Nxf2 19. Rxf2 Bg5 20. Nge2 Be3 21. Kf1 Bxf2 22. Kxf2 Rad8 23. Qd3 Qg4 24. h3 Qg5 25. a3 Rd7 26. b4 Red8 27. Kg1 Ne5 28. Qc2 Nf3+ 29. Kh1 Nxd4 30. Qd2 Qxd2 31. Rxd2 Nxe2 32. Rxe2 Rd3 33. Rc2 R8d4 34. Kh2 Rc4 0-1

[Event "4NCL Online Division 3"]
[Site "online"]
[Date "2021.09.07"]
[EventDate "2021.09.07"]
[Round "2.34"]
[White "Clark, Matthew D H"]
[WhiteElo "1787"]
[WhiteTeam "Shropshire and Friends 3"]
[Black "Amoako Philip Selikem Yao"]
[BlackElo "1620"]
[BlackTeam "Forest Hall Juniors"]
[Result "0-1"]
[PlyCount "70"]

1. e4 c6 2. c4 d5 3. exd5 cxd5 4. cxd5 Nf6 5. Nc3 Nxd5 6. d4 Nc6 7. Nf3 Bg4 8. Bb5 Rc8 9. h3 Bxf3 10. Qxf3 e6 11. O-O Be7 12. Nxd5 Qxd5 13. Qxd5 exd5 14. Re1 Kd8 15. Bxc6 Rxc6 16. Bf4 Kd7 17. Rac1 Rhc8 18. Rxc6 Rxc6 19. Rc1 Bf6 20. Rxc6 Kxc6 21. Be5 Bxe5 22. dxe5 Kc5 23. f4 Kd4 24. Kf2 Ke4 25. g3 g6 26. Ke2 h5 27. h4 b6 28. b4 b5 29. a3 a6 30. Kd2 Kf3 31. Kd3 Kxg3 32. Kd4 Kxh4 33. Kxd5 Kg4 34. e6 fxe6+ 35. Kxe6 Kxf4 0-1

[Event "4NCL Online Division 3"]
[Site "online"]
[Date "2021.09.07"]
[EventDate "2021.09.07"]
[Round "2.41"]
[White "Stojiljkovic, Nikola"]
[WhiteElo "1885"]
[WhiteTeam "Catford Cosmonauts 3"]
[Black "Tenin, Alex"]
[BlackElo "2000"]
[BlackTeam "War & Piece Overlord"]
[Result "0-1"]
[PlyCount "85"]

1. e4 e5 2. Nf3 Nc6 3. d4 exd4 4. Bc4 Bc5 5. c3 Qf6 6. e5 Qg6 7. cxd4 Qe4+ 8. Be3 d5 9. exd6 Bxd6 10. Bxf7+ Kf8 11. h3 Nh6 12. Nc3 Qe7 13. Bb3 Nf5 14. Nd5 Bb4+ 15. Nxb4 Qxb4+ 16. Qd2 Qxd2+ 17. Kxd2 Bd7 18. g4 Nd6 19. Ne5 Be8 20. f3 Rd8 21. Ke2 h5 22. a3 Nb5 23. Nxc6 Bxc6 24. d5 Bxd5 25. Rhd1 c6 26. Bxd5 cxd5 27. a4 Nc7 28. Bxa7 hxg4 29. hxg4 Rh2+ 30. Kd3 Rxb2 31. Kc3 Rh2 32. Bb6 Rc8 33. Bxc7 Rxc7+ 34. Kd4 Rf2 35. Rd3 Rd7 36. a5 Rd6 37. Rb1 Rd7 38. Rb5 Rf7 39. Kxd5 Rd7+ 40. Ke4 Re2+ 41. Re3 Re7+ 42. Re5 Rxe3+ 43. Kxe3 0-1

[Event "4NCL Online Division 3"]
[Site "online"]
[Date "2021.09.07"]
[EventDate "2021.09.07"]
[Round "2.42"]
[White "O'Byrne, Daniel"]
[WhiteElo "1922"]
[WhiteTeam "War & Piece Overlord"]
[Black "Turner, Howard"]
[BlackElo "1860"]
[BlackTeam "Catford Cosmonauts 3"]
[Result "1-0"]
[PlyCount "61"]

1. d4 Nf6 2. Nf3 g6 3. c4 Bg7 4. Nc3 d5 5. Bf4 O-O 6. e3 c5 7. dxc5 Qa5 8. Qa4 Qxc5 9. Rd1 dxc4 10. Qxc4 Qxc4 11. Bxc4 Nc6 12. h3 Bf5 13. g4 Be4 14. Ke2 Rac8 15. Bb3 Na5 16. g5 Bxf3+ 17. Kxf3 Nh5 18. Nd5 Rfe8 19. Ba4 Nc6 20. Bh2 e6 21. Nc3 Red8 22. Bxc6 bxc6 23. Rxd8+ Rxd8 24. Rc1 f6 25. Ne4 f5 26. Nd6 Bxb2 27. Rxc6 Ng7 28. Nc4 Ba1 29. a4 Rd7 30. Rc8+ Kf7 31. Be5 1-0

[Event "4NCL Online Division 3"]
[Site "online"]
[Date "2021.09.07"]
[EventDate "2021.09.07"]
[Round "2.43"]
[White "John, Maxamillian"]
[WhiteElo "1872"]
[WhiteTeam "Catford Cosmonauts 3"]
[Black "Taylor, Harry"]
[BlackElo "1823"]
[BlackTeam "War & Piece Overlord"]
[Result "1-0"]
[PlyCount "161"]

1. d4 Nf6 2. Nf3 d5 3. e3 c5 4. b3 Nc6 5. Bb2 e6 6. Bd3 cxd4 7. exd4 Bd6 8. O-O O-O 9. a3 Qc7 10. Re1 Re8 11. Ne5 Ne7 12. Nd2 Ng6 13. Ndf3 Nf4 14. Bb5 Bd7 15. Nxd7 Nxd7 16. Ne5 Bxe5 17. dxe5 Red8 18. Rc1 a6 19. Bf1 Ng6 20. Qh5 b5 21. c4 bxc4 22. bxc4 Qb6 23. Rb1 dxc4 24. Bxc4 Qc5 25. Bf1 Nf4 26. Qg4 Nd5 27. h4 Rdb8 28. Rec1 Qe7 29. Rc2 a5 30. Rbc1 Qd8 31. a4 Rc8 32. Bb5 Rxc2 33. Rxc2 Rc8 34. Rxc8 Qxc8 35. Qc4 Qxc4 36. Bxc4 Nb4 37. Bb5 Nb6 38. Bd4 N6d5 39. g3 h5 40. Kg2 g6 41. Kf3 Kg7 42. Ke4 Kh6 43. Be8 Kg7 44. Bc5 Nc7 45. Bd7 Ncd5 46. Kd4 Nc2+ 47. Kc4 Ncb4 48. Bxb4 Nxb4 49. Kb5 Nd3 50. Kxa5 Nxe5 51. Bb5 Kf8 52. Kb6 Ke7 53. a5 Ng4 54. a6 Nxf2 55. a7 Ne4 56. a8=Q Nxg3 57. Qe8+ Kf6 58. Qd8+ Kf5 59. Qg5+ Ke4 60. Qxg3 f5 61. Qxg6 Kf4 62. Qxe6 Kg4 63. Be2+ Kxh4 64. Qxf5 Kg3 65. Qxh5 Kf2 66. Ba6 Ke3 67. Bc8 Kf4 68. Kc6 Ke3 69. Qh4 Kd3 70. Kc5 Ke3 71. Kd5 Kd3 72. Qh3+ Ke2 73. Kd4 Kf2 74. Ke4 Kg1 75. Qa3 Kf2 76. Bd7 Kg2 77. Kf4 Kf2 78. Qa2+ Ke1 79. Kf3 Kd1 80. Ke3 Kc1 81. Kd3 1-0

[Event "4NCL Online Division 3"]
[Site "online"]
[Date "2021.09.07"]
[EventDate "2021.09.07"]
[Round "2.44"]
[White "Kelly, Richard"]
[WhiteElo "1790"]
[WhiteTeam "War & Piece Overlord"]
[Black "Oyvat, Cem"]
[BlackElo "1727"]
[BlackTeam "Catford Cosmonauts 3"]
[Result "1-0"]
[PlyCount "127"]

1. d4 d5 2. c4 c6 3. cxd5 cxd5 4. Bf4 Nf6 5. e3 Nc6 6. Nc3 a6 7. a4 e6 8. Rc1 Qa5 9. Bd3 Bb4 10. Nf3 Bd7 11. O-O O-O 12. Ne5 Ne7 13. Bg5 Be8 14. Bxf6 gxf6 15. Ng4 f5 16. Nf6+ Kg7 17. Nh5+ Kh8 18. h4 f6 19. Nf4 Bf7 20. Qb3 Rac8 21. Nce2 Ng6 22. Nxg6+ Bxg6 23. Rxc8 Rxc8 24. Rc1 Rxc1+ 25. Nxc1 Be8 26. Na2 Bd6 27. Nc3 Bc6 28. g3 Qc7 29. Kh2 Qg7 30. Qd1 Qh6 31. f4 Qg7 32. b3 Qg4 33. Qxg4 fxg4 34. f5 e5 35. e4 dxe4 36. Nxe4 Bxe4 37. Bxe4 exd4 38. Bxb7 a5 39. Kg2 Kg7 40. Kf2 Kf7 41. Ba6 Ke7 42. h5 h6 43. Be2 Be5 44. Bxg4 Kd6 45. Bd1 Kc5 46. g4 Kb4 47. Ke2 Kc3 48. Ke1 Kd3 49. b4 axb4 50. a5 Bg3+ 51. Kf1 Kd2 52. a6 Bb8 53. Ba4 Kc3 54. g5 fxg5 55. f6 b3 56. Bxb3 Kxb3 57. f7 Bd6 58. a7 d3 59. a8=Q Bb4 60. f8=Q Bxf8 61. Qxf8 Kc2 62. Qxh6 d2 63. Qg6+ Kc3 64. Ke2 1-0

[Event "4NCL Online Division 3"]
[Site "online"]
[Date "2021.09.07"]
[EventDate "2021.09.07"]
[Round "2.51"]
[White "Robinson, Brian"]
[WhiteElo "1640"]
[WhiteTeam "Bishop Trojans"]
[Black "Rossiter, Alex"]
[BlackElo "1968"]
[BlackTeam "Bristol Cabot Blackbeards"]
[Result "0-1"]
[PlyCount "52"]

1. d4 f5 2. Nc3 Nf6 3. Bg5 d5 4. Nf3 c6 5. e3 e6 6. Ne5 Nbd7 7. Bd3 Be7 8. g4 Nxe5 9. dxe5 Nxg4 10. Bxe7 Qxe7 11. Rg1 Nxe5 12. Be2 Bd7 13. Qd4 Qf6 14. f4 Nf7 15. Rxg7 e5 16. Rxf7 Kxf7 17. fxe5 Qg6 18. O-O-O Rhg8 19. Qh4 Ke6 20. Bh5 Qg5 21. Qh3 Kxe5 22. Ne2 Kd6 23. Nf4 Kc7 24. Bf3 Rae8 25. Qxh7 Rxe3 26. Nxd5+ cxd5 0-1

[Event "4NCL Online Division 3"]
[Site "online"]
[Date "2021.09.07"]
[EventDate "2021.09.07"]
[Round "2.52"]
[White "Marston, Alastair"]
[WhiteElo "1713"]
[WhiteTeam "Bristol Cabot Blackbeards"]
[Black "Bainbridge, Bryan J"]
[BlackElo "1523"]
[BlackTeam "Bishop Trojans"]
[Result "1-0"]
[PlyCount "103"]

1. d4 b5 2. e4 Bb7 3. Nd2 a6 4. Ngf3 e6 5. a4 b4 6. Bd3 Nf6 7. e5 Nd5 8. O-O Nf4 9. Be4 Bxe4 10. Nxe4 Nd5 11. c4 bxc3 12. bxc3 f5 13. exf6 Nxf6 14. Nfg5 Nxe4 15. Nxe4 Be7 16. Qh5+ g6 17. Qf3 Rf8 18. Qg3 d5 19. Ng5 Bxg5 20. Bxg5 Qd7 21. Rab1 Kf7 22. Rb7 Rc8 23. Rfb1 Nc6 24. Bf4 Na5 25. Rxc7 Rxc7 26. Bxc7 Qxa4 27. Bxa5 Qxa5 28. Rb7+ Kg8 29. h3 Qd8 30. Qe5 Qf8 31. Qxe6+ Kh8 32. Qe5+ Kg8 33. Qxd5+ Kh8 34. Rf7 Qg8 35. Qb7 a5 36. Rxh7+ Qxh7 37. Qxa8+ Qg8 38. Qxa5 Qb3 39. Qc5 Qd1+ 40. Kh2 Qd2 41. Qe5+ Kh7 42. Qg3 g5 43. h4 gxh4 44. Qxh4+ Kg7 45. c4 Kf7 46. f3 Ke6 47. Qe4+ Kd7 48. f4 Kc8 49. c5 Qc1 50. Qf5+ Kc7 51. c6 Kxc6 52. Qc5+ 1-0

[Event "4NCL Online Division 3"]
[Site "online"]
[Date "2021.09.07"]
[EventDate "2021.09.07"]
[Round "2.53"]
[White "Berry, Robert"]
[WhiteElo "1479"]
[WhiteTeam "Bishop Trojans"]
[Black "Burnett, Philip"]
[BlackElo "1335"]
[BlackTeam "Bristol Cabot Blackbeards"]
[Result "1/2-1/2"]
[PlyCount "93"]

1. e4 e6 2. d4 d5 3. e5 c5 4. c3 Nc6 5. Nf3 Bd7 6. Bd3 f6 7. exf6 Nxf6 8. O-O Bd6 9. Re1 O-O 10. Ne5 cxd4 11. Nxd7 Qxd7 12. cxd4 Rfe8 13. Be3 a6 14. Nd2 Nb4 15. Be2 Rac8 16. Rf1 Nc2 17. Rc1 Nxe3 18. fxe3 Rxc1 19. Qxc1 Rc8 20. Qb1 Qc7 21. h3 Qc2 22. Rd1 Bb4 23. Bd3 Qxb1 24. Nxb1 Bd6 25. a3 e5 26. Bf5 Rc7 27. dxe5 Bxe5 28. Nc3 Bxc3 29. bxc3 Rxc3 30. Be6+ Kf8 31. Bxd5 Nxd5 32. Rxd5 Rxe3 33. a4 Re7 34. a5 Ke8 35. g4 Rd7 36. Re5+ Re7 37. Rd5 Re3 38. Kg2 Ke7 39. h4 Re4 40. Kf3 Re6 41. g5 Rd6 42. Rc5 Rc6 43. Rf5 g6 44. Rd5 Rd6 45. Re5+ Re6 46. Rc5 Rc6 47. Re5+ 1/2-1/2

[Event "4NCL Online Division 3"]
[Site "online"]
[Date "2021.09.07"]
[EventDate "2021.09.07"]
[Round "2.54"]
[White "Saha, Soumil"]
[WhiteElo "1193"]
[WhiteTeam "Bristol Cabot Blackbeards"]
[Black "Clynes, Chris"]
[BlackElo "1444"]
[BlackTeam "Bishop Trojans"]
[Result "1-0"]
[PlyCount "83"]

1. d4 Nf6 2. Nf3 e6 3. Bf4 d5 4. e3 c5 5. c3 Nc6 6. Bd3 Bd6 7. Bg3 O-O 8. O-O Bxg3 9. hxg3 Ng4 10. Nbd2 c4 11. Bc2 e5 12. b3 b5 13. b4 Qf6 14. Re1 e4 15. Nxe4 dxe4 16. Bxe4 Bf5 17. Bd5 Rae8 18. e4 Bd7 19. a4 Ne7 20. Ne5 Nxe5 21. dxe5 Qxe5 22. Bb7 Rd8 23. Qc2 Rb8 24. Ba6 Rb6 25. axb5 Ra8 26. f4 Qc7 27. e5 Bxb5 28. Bxb5 Rxb5 29. Qe4 Rd8 30. e6 Qb6+ 31. Kh1 fxe6 32. Qxc4 Rbd5 33. Ra5 Kh8 34. Kh2 Rh5+ 35. Rxh5 Nf5 36. Qxe6 Qxe6 37. Rxe6 g6 38. Rh3 Nd6 39. g4 Nc4 40. Re7 a5 41. Rexh7+ Kg8 42. Rh8+ 1-0

[Event "4NCL Online Division 3"]
[Site "online"]
[Date "2021.09.07"]
[EventDate "2021.09.07"]
[Round "2.61"]
[White "Clark, Gary M"]
[WhiteTitle "FM"]
[WhiteElo "2258"]
[WhiteTeam "Charlton Cobras A"]
[Black "Duckers, Harvey L"]
[BlackElo "2051"]
[BlackTeam "Crowthorne 1"]
[Result "1-0"]
[PlyCount "37"]

1. d4 d6 2. e4 g6 3. Nc3 Bg7 4. Be3 a6 5. Bd2 Bxd4 6. Bc4 Nc6 7. f4 Nf6 8. Nf3 Ba7 9. Qe2 e6 10. e5 Ng8 11. O-O-O d5 12. Be1 Bd7 13. Nxd5 exd5 14. Bxd5 Qc8 15. Bxf7+ Kxf7 16. Rxd7+ Ke6 17. Rd1 Qf8 18. Qc4+ Ke7 19. Bb4+ 1-0

[Event "4NCL Online Division 3"]
[Site "online"]
[Date "2021.09.07"]
[EventDate "2021.09.07"]
[Round "2.62"]
[White "Johnson, Derek R"]
[WhiteElo "2017"]
[WhiteTeam "Crowthorne 1"]
[Black "Stebbings, Anthony J"]
[BlackTitle "FM"]
[BlackElo "2248"]
[BlackTeam "Charlton Cobras A"]
[Result "0-1"]
[PlyCount "74"]

1. e4 c5 2. b4 cxb4 3. Nf3 e6 4. a3 Nf6 5. e5 Nd5 6. axb4 Bxb4 7. c4 Ne7 8. Na3 d5 9. Bb2 Nbc6 10. Qc2 Nf5 11. Bd3 Nh4 12. Nxh4 Qxh4 13. Nb5 O-O 14. O-O dxc4 15. Be4 Bd7 16. Qxc4 a6 17. Nd6 Bxd6 18. exd6 Rac8 19. Ra3 f5 20. Qc3 Rf7 21. Bf3 Nd8 22. Qe3 Bc6 23. Qb6 Bxf3 24. Rxf3 Rc6 25. Qa5 Rxd6 26. Rc1 Rfd7 27. Rh3 Qg5 28. Bc3 h6 29. Rg3 Qh5 30. Re3 Kh7 31. Rce1 Nc6 32. Qa1 e5 33. Bxe5 Nxe5 34. Qxe5 Rxd2 35. Rh3 Qf7 36. Rg3 Rd1 37. Rh3 Re7 0-1

[Event "4NCL Online Division 3"]
[Site "online"]
[Date "2021.09.07"]
[EventDate "2021.09.07"]
[Round "2.63"]
[White "Morrison, Julian"]
[WhiteElo "2006"]
[WhiteTeam "Charlton Cobras A"]
[Black "Green, George D A"]
[BlackElo "1889"]
[BlackTeam "Crowthorne 1"]
[Result "1-0"]
[PlyCount "35"]

1. e4 c5 2. Nc3 Nc6 3. Bb5 Nd4 4. Nf3 Nxb5 5. Nxb5 a6 6. Nc3 d6 7. d4 cxd4 8. Qxd4 e5 9. Qb4 d5 10. Qb3 dxe4 11. Nxe5 Qc7 12. Nd5 Qa5+ 13. Bd2 Qc5 14. Bb4 Qd4 15. Nf6+ Nxf6 16. Qxf7+ Kd8 17. Ba5+ b6 18. Nc6# 1-0

[Event "4NCL Online Division 3"]
[Site "online"]
[Date "2021.09.07"]
[EventDate "2021.09.07"]
[Round "2.64"]
[White "Taylor, Mark V"]
[WhiteElo "1825"]
[WhiteTeam "Crowthorne 1"]
[Black "Morris, David"]
[BlackElo "1930"]
[BlackTeam "Charlton Cobras A"]
[Result "1-0"]
[PlyCount "57"]

1. f4 d5 2. Nf3 Nf6 3. g3 c5 4. Bg2 Nc6 5. O-O Bf5 6. d3 e6 7. c3 Be7 8. Na3 h6 9. Qe1 O-O 10. Bd2 a6 11. Nc2 Qc7 12. h3 Bg6 13. g4 c4 14. Nh4 Bh7 15. f5 cxd3 16. exd3 e5 17. Kh1 Rfe8 18. Qf2 Rad8 19. Rae1 Bd6 20. g5 hxg5 21. Bxg5 Be7 22. Qg3 Nh5 23. Qg4 Bxg5 24. Qxg5 Nf4 25. Rxf4 exf4 26. Rxe8+ Rxe8 27. f6 Bg6 28. Bxd5 Qe5 29. Bxf7+ 1-0

[Event "4NCL Online Division 3"]
[Site "online"]
[Date "2021.09.07"]
[EventDate "2021.09.07"]
[Round "2.71"]
[White "Hughes, Roy"]
[WhiteElo "2014"]
[WhiteTeam "Broadland Falco Duboisi"]
[Black "Littlefair, Paul"]
[BlackElo "1663"]
[BlackTeam "Watford 2"]
[Result "1-0"]
[PlyCount "119"]

1. d4 Nf6 2. Nf3 g6 3. g3 Bg7 4. Bg2 d5 5. O-O Nc6 6. c4 dxc4 7. Qa4 Bf5 8. Ne5 O-O 9. Nxc6 bxc6 10. Nc3 Qxd4 11. Be3 Qe5 12. Qxc4 Rab8 13. b3 Ng4 14. Bd2 Rbd8 15. Be1 Rd4 16. Qxc6 Rd6 17. Qc4 Rd4 18. Qa6 Qc5 19. Na4 Rxa4 20. Qxa4 Bxa1 21. Bb4 Qe5 22. Qxa7 Bd4 23. Qa6 Rb8 24. Bd2 h5 25. Bf4 Qc5 26. e3 Be5 27. Bxe5 Qxe5 28. h3 Nf6 29. Qa7 Rd8 30. Rc1 Nd5 31. Qc5 Qd6 32. Qxd6 cxd6 33. e4 Bxe4 34. Bxe4 Nf6 35. Bd3 Ra8 36. a4 Nd5 37. Be4 e6 38. Bxd5 exd5 39. Ra1 Rb8 40. Ra3 Kf8 41. Kf1 Ke7 42. Ke2 Ke6 43. Kd3 Ke5 44. f4+ Ke6 45. a5 Kd7 46. Kd4 Kc6 47. a6 Rb4+ 48. Kd3 Rb8 49. a7 Ra8 50. Kd4 f6 51. b4 Kb5 52. Kxd5 Kxb4 53. Ra1 Kb5 54. Kxd6 Kb6 55. Ke7 f5 56. Kf6 Kb7 57. Kxg6 Rg8+ 58. Kf7 Ra8 59. Ra3 Kc7 60. Kg6 1-0

[Event "4NCL Online Division 3"]
[Site "online"]
[Date "2021.09.07"]
[EventDate "2021.09.07"]
[Round "2.72"]
[White "Shaw, David K"]
[WhiteElo "1624"]
[WhiteTeam "Watford 2"]
[Black "Jermy, Jaden"]
[BlackElo "2021"]
[BlackTeam "Broadland Falco Duboisi"]
[Result "0-1"]
[PlyCount "50"]

1. d4 Nf6 2. Bf4 c5 3. d5 d6 4. Nc3 g6 5. e4 Bg7 6. Qd2 a6 7. Be2 b5 8. e5 dxe5 9. Bxe5 O-O 10. O-O-O Bb7 11. Bf3 Nbd7 12. Bf4 b4 13. Na4 Qa5 14. b3 c4 15. Bh6 c3 16. Qe3 Bxh6 17. Qxh6 Nb6 18. Kb1 Nxa4 19. bxa4 Rfd8 20. d6 Bxf3 21. Nxf3 Rxd6 22. Qf4 Rad8 23. Rd4 e5 24. Nxe5 Rxd4 25. Qxf6 Rd1+ 0-1

[Event "4NCL Online Division 3"]
[Site "online"]
[Date "2021.09.07"]
[EventDate "2021.09.07"]
[Round "2.73"]
[White "Saravanan, Karthik"]
[WhiteElo "1817"]
[WhiteTeam "Broadland Falco Duboisi"]
[Black "Vig, Sanjay"]
[BlackElo "1642"]
[BlackTeam "Watford 2"]
[Result "1-0"]
[PlyCount "53"]

1. e4 d5 2. exd5 Nf6 3. d4 Nxd5 4. Nf3 Bf5 5. Be2 Nb4 6. Na3 N8c6 7. O-O e6 8. c3 Nd5 9. Bg5 Be7 10. Bxe7 Qxe7 11. Nc4 b5 12. Nce5 Nxe5 13. Nxe5 a6 14. a4 Nf4 15. Bf3 O-O 16. Bxa8 Rxa8 17. Qf3 Nd5 18. axb5 a5 19. c4 Nb6 20. Nc6 Qh4 21. Nxa5 Be4 22. Qg3 Qd8 23. c5 Nd5 24. Nc6 Qc8 25. Qe5 Rxa1 26. Rxa1 Bd3 27. Qxd5 1-0

[Event "4NCL Online Division 3"]
[Site "online"]
[Date "2021.09.07"]
[EventDate "2021.09.07"]
[Round "2.74"]
[White "Hylands, Keith"]
[WhiteElo "1418"]
[WhiteTeam "Watford 2"]
[Black "Payne, David J"]
[BlackElo "1742"]
[BlackTeam "Broadland Falco Duboisi"]
[Result "0-1"]
[PlyCount "92"]

1. d4 Nf6 2. Nf3 g6 3. c4 Bg7 4. Nc3 O-O 5. e3 d6 6. Be2 a6 7. Rb1 Nbd7 8. O-O c5 9. Re1 Qc7 10. Bf1 e5 11. d5 h6 12. e4 Nh7 13. Bd2 f5 14. exf5 gxf5 15. h3 Ndf6 16. Nh2 Qf7 17. f4 e4 18. Be2 Bd7 19. Nf1 Rab8 20. Ng3 b5 21. a3 Qe7 22. b4 e3 23. Bf1 Ne4 24. Ncxe4 exd2 25. Nxd2 Bd4+ 26. Kh2 Qf7 27. Nf3 Bc3 28. Re3 Bh8 29. Qc2 bxc4 30. Bxc4 cxb4 31. Rbe1 Rbe8 32. Rxe8 Bxe8 33. Rxe8 Qxe8 34. Nxf5 Bg7 35. Nxg7 Kxg7 36. Qb2+ Nf6 37. Nd4 Rf7 38. Ne6+ Kg8 39. Qc2 Re7 40. Bd3 Qd7 41. Qf2 bxa3 42. Qg3+ Rg7 43. Nxg7 Qxg7 44. Qxg7+ Kxg7 45. Bc4 Ne4 46. Kg1 Nc3 0-1

[Event "4NCL Online Division 3"]
[Site "online"]
[Date "2021.09.07"]
[EventDate "2021.09.07"]
[Round "2.81"]
[White "Jenkins, John"]
[WhiteElo "2089"]
[WhiteTeam "Stroud Oldies"]
[Black "Granat, Russell G"]
[BlackElo "2270"]
[BlackTeam "Farnham A"]
[Result "0-1"]
[PlyCount "62"]

1. d4 d5 2. c4 Bf5 3. Qb3 e5 4. cxd5 exd4 5. Nf3 Bc5 6. Nxd4 Bxd4 7. Qa4+ Nc6 8. dxc6 b6 9. e3 Bf6 10. Nc3 Ne7 11. e4 Bg6 12. Be3 O-O 13. Rd1 Qe8 14. Nd5 Nxd5 15. exd5 Bxb2 16. Qb3 Qe5 17. Bc4 Bc3+ 18. Kf1 a5 19. a4 Rad8 20. Rc1 Bb4 21. f3 Rfe8 22. Kf2 Qh5 23. Bf4 Bc5+ 24. Kg3 Bc2 25. Qxc2 g5 26. h4 gxf4+ 27. Kh3 Re3 28. Rhf1 Rd6 29. Rce1 Rg6 30. g4 Qxg4+ 31. Kh2 Qxh4# 0-1

[Event "4NCL Online Division 3"]
[Site "online"]
[Date "2021.09.07"]
[EventDate "2021.09.07"]
[Round "2.82"]
[White "Richardson, Kevin D"]
[WhiteElo "2108"]
[WhiteTeam "Farnham A"]
[Black "Brown, Graham K"]
[BlackElo "1718"]
[BlackTeam "Stroud Oldies"]
[Result "0-1"]
[PlyCount "78"]

1. e3 d5 2. Nf3 Bg4 3. Be2 Nf6 4. O-O e6 5. b3 Nbd7 6. Bb2 Bd6 7. h3 Bxf3 8. Bxf3 O-O 9. c4 c6 10. d3 e5 11. Nd2 Re8 12. Qc2 Rc8 13. Rfd1 Bb8 14. g3 h6 15. Rac1 Nb6 16. Bg2 Qe7 17. a4 Rcd8 18. a5 Nc8 19. Ra1 Bc7 20. b4 a6 21. Ba3 Qe6 22. cxd5 Nxd5 23. Ne4 Bd6 24. Nc5 Qe7 25. Rac1 Na7 26. Qb3 Nb5 27. Bb2 Bxc5 28. bxc5 Rd7 29. Rc4 Red8 30. Rdc1 Qg5 31. Re4 Re7 32. d4 exd4 33. Rg4 Qh5 34. Bxd4 Nxd4 35. Rxd4 Red7 36. Rcd1 Nf6 37. Rxd7 Nxd7 38. Qxb7 Qxd1+ 39. Kh2 Ne5 0-1

[Event "4NCL Online Division 3"]
[Site "online"]
[Date "2021.09.07"]
[EventDate "2021.09.07"]
[Round "2.83"]
[White "Walker, Adrian"]
[WhiteElo "1688"]
[WhiteTeam "Stroud Oldies"]
[Black "Warren, Alex M"]
[BlackElo "1999"]
[BlackTeam "Farnham A"]
[Result "0-1"]
[PlyCount "76"]

1. d4 Nf6 2. Nc3 d5 3. Bf4 a6 4. e3 c5 5. Be2 Nc6 6. Nf3 Bf5 7. O-O e6 8. h3 Bd6 9. Ne5 Qc7 10. Nxc6 Qxc6 11. dxc5 Bxf4 12. exf4 Qxc5 13. Rc1 O-O 14. Bf3 Qb4 15. Ne2 Qxb2 16. Nd4 Be4 17. Rb1 Bxf3 18. Nxf3 Qxa2 19. Rxb7 Ne4 20. Ne5 Rac8 21. c4 Nd6 22. Rd7 Nxc4 23. Qd4 Qd2 24. Qa7 Qxf4 25. Nf3 a5 26. Rb1 Ra8 27. Qb7 Rab8 28. Rxf7 Rxb7 29. Rfxb7 Nd2 30. Re1 Nxf3+ 31. gxf3 Qxf3 32. Rxe6 Qxf2+ 33. Kh1 Qf1+ 34. Kh2 Rf2+ 35. Kg3 Qg2+ 36. Kh4 Rf4+ 37. Kh5 Qxh3+ 38. Kg5 Qg4# 0-1